| 000 | 01004nam0a22002411 4500 | ||
|---|---|---|---|
| 001 | rc\2798289 | ||
| 005 | 20250529173616.0 | ||
| 035 | _a(NLR Aleph) 006924323 | ||
| 090 |
_a7480658 _c7480658 |
||
| 100 | _a20110915d1936 |||y0rusy50 ca | ||
| 101 | 0 | _arus | |
| 102 | _aRU | ||
| 105 | _ac z ||||| | ||
| 200 | 1 |
_aВопросы легкой промышленности в связи со стахановским движением _eДоклад на пленуме ЦК ВКП(б) 21 дек. 1935 г. _fИ. Любимов |
|
| 210 |
_aМосква _cПартиздат ЦК ВКП(б) _d1936 _eЛенинград _gтип. им. Евг. Соколовой |
||
| 215 |
_aОбл., 24 с. _cпортр. _d20х13 см. |
||
| 700 | 1 |
_7ca _8rus _aЛюбимов _bИ. Е. _cгос. деятель _f1882-1937 _gИсидор Евстигнеевич _9191309 _3RU\NLR\AUTH\770191360 |
|
| 801 | 0 |
_aRU _bNLR _gpsbo |
|
| 801 | 1 |
_aRU _bELAR _2rusmarc |
|
| 852 |
_aNLR _j36-10/117 |
||
| 942 | _cBOOK | ||
| 980 | _aNB | ||